| 000 | 00874cab a2200289 4500 | ||
|---|---|---|---|
| 001 | ABS59638 | ||
| 008 | 090401t1998 xxu||||| |||| 00| 0 eng d | ||
| 035 | _a(Sirsi) u89557 | ||
| 041 | _aeng | ||
| 100 | _aTurner, J. | ||
| 245 | _aDistribution props up total | ||
| 260 | _c1998 | ||
| 350 | _a0 | ||
| 490 |
_aBuilding Economist _vNovember 1998, 6-7(2) |
||
| 520 | _aAnalysis of industrial sector. Discusses industrial building expectations and orders, industrial orders and available floorspace. | ||
| 650 | _aAVAILABLE FLOORSPACE | ||
| 650 | _aCBI SURVEY | ||
| 650 | _aFACTORIES | ||
| 650 | _aINDUSTRIAL BUILDING ORDERS | ||
| 650 | _aINDUSTRIAL SECTOR | ||
| 650 | _aMANUFACTURING INDUSTRY | ||
| 650 | _aTENDER PRICES | ||
| 650 | _aWAREHOUSES | ||
| 690 | _aPROPERTY-COMMERCIAL PROPERTY-COMMERCIAL PROPERTY MARKET | ||
| 942 | _n0 | ||
| 948 | _c09/11/1998 | ||
| 999 |
_c56675 _d56675 |
||